Normal view
MARC view
- क्षीरसागर, क.कृ
Entry Personal Name
001 - CONTROL NUMBER
- control field: 216947
003 - CONTROL NUMBER IDENTIFIER
- control field: OSt
005 - DATE AND TIME OF LATEST TRANSACTION
- control field: 20260310153229.0
008 - FIXED-LENGTH DATA ELEMENTS
- fixed length control field: 260310|| aca||aabn | a|a d
040 ## - CATALOGING SOURCE
- Original cataloging agency: OSt
- Transcribing agency: OSt
100 ## - HEADING--PERSONAL NAME
- Personal name: क्षीरसागर, क.कृ
670 ## - SOURCE DATA FOUND
- Source citation: Work cat.: (OSt)370671: क्षीरसागर, क.कृ., जाणता शेतकरी शास्त्रज्ञ डॉ स्वामिनाथन, 2011